Principes et fonctionnement des ecosystemes cultives en semis direct sur couverture vegetabl permanente (Record no. 10212)

000 -LEADER
fixed length control field 00345nam a22001217a 4500
040 ## - CATALOGING SOURCE
Transcribing agency HS
082 ## - DEWEY DECIMAL CLASSIFICATION NUMBER
Classification number 380
100 ## - MAIN ENTRY--AUTHOR NAME
Personal name ជួង សុផល
245 ## - TITLE STATEMENT
Title Principes et fonctionnement des ecosystemes cultives en semis direct sur couverture vegetabl permanente
260 ## - PUBLICATION, DISTRIBUTION, ETC. (IMPRINT)
Place of publication Paris
Name of publisher ជួង សុផល
Year of publication 2009
300 ## - PHYSICAL DESCRIPTION
Number of Pages 58p;
942 ## - ADDED ENTRY ELEMENTS (KOHA)
Koha item type សៀវភៅភាសាបារាំង
952 ## - LOCATION AND ITEM INFORMATION (KOHA)
Withdrawn status [LOCAL, KOHA] 0
952 ## - LOCATION AND ITEM INFORMATION (KOHA)
Withdrawn status [LOCAL, KOHA] 0
Holdings
Permanent Location Date acquired Koha item type Lost status Shelving location Barcode Current Location Full call number
Library Block C2016-09-22សៀវភៅភាសាបារាំង C197RUA045499Library Block C380 ជួង 2009 C197
Library Block C2016-09-22សៀវភៅភាសាបារាំង C197RUA045260Library Block C380 ជួង 2009 C197
មជ្ឈមណ្ឌលឯការនៃសាកលវិទ្យាល័យភូមិន្ទកសិកម្មចំការដូង

Powered by Koha